LDR 00754naa#a2200193#i#450# 001 EN\\bibl\119682 005 20260415145417.3 011 ## _a2311-8873 100 ## _a20260410b2026####ek#y0engy0150####ca 102 ## _aRU 200 1# _aTHEORETICAL BASIS OF DECISION-MAKING IN INTELLIGENT PUBLIC TRANSPORT SYSTEMS _eJournal article 210 1# _aVoronezh _cFSBE Institution of Higher Education Voronezh State University of Forestry and Technologies named after G.F. Morozov _d2026 215 ## _a10 с. 608 ## _aJournal article _2local 675 ## _aПеревозки пассажиров и грузов. 656.025 _z 700 #1 _aGrinchenko _gAleksandr Viktorovich 700 #1 _aKlyavin _gVladimir Ernstovich 700 #1 _aRizaeva _gYuliya Nikolaevna 856 4# _avntv.editorum.ru _u